[Event "6. Hradec Kralove Open 2015"]
[Site "Hradec Kralove CZE"]
[Date "2015.10.06"]
[Round "3.14"]
[White "Sucharda, David"]
[Black "Vit, Jakub"]
[Result "1/2-1/2"]
[WhiteElo "1943"]
[BlackElo "1705"]
[PlyCount "65"]
[EventDate "2015.10.04"]
[EventType "swiss"]
[EventRounds "9"]
[EventCountry "CZE"]
[Source "lmi"]
[SourceDate "2015.10.04"]

1. d4 d5 2. c4 e6 3. Nc3 Nf6 4. Bg5 c6 5. cxd5 exd5 6. Qc2 Nbd7 7. Nf3 h6 8.
Bh4 Bd6 9. e3 Qa5 10. Bd3 b6 11. O-O c5 12. Nb5 Bb8 13. a3 c4 14. Bxc4 dxc4 15.
Qxc4 Bb7 16. b4 Qa4 17. Bxf6 Nxf6 18. Ne5 O-O 19. Nc3 Qc2 20. Rac1 Qf5 21. f4
Bxe5 22. fxe5 Qg5 23. Qe2 Ne4 24. Nxe4 Bxe4 25. Rf4 Bg6 26. h4 Qe7 27. h5 Bh7
28. Qg4 Qe6 29. Qg3 Rac8 30. Rcf1 Kh8 31. Qf3 Rc7 32. e4 Re7 33. Qg3 1/2-1/2

[Event "6. Hradec Kralove Open 2015"]
[Site "Hradec Kralove CZE"]
[Date "2015.10.06"]
[Round "3.15"]
[White "Sedlacek, Jan"]
[Black "Vorel, Bohuslav"]
[Result "0-1"]
[WhiteElo "1920"]
[BlackElo "1686"]
[PlyCount "70"]
[EventDate "2015.10.04"]
[EventType "swiss"]
[EventRounds "9"]
[EventCountry "CZE"]
[Source "lmi"]
[SourceDate "2015.10.04"]

1. e4 c5 2. Nf3 d6 3. d4 cxd4 4. Nxd4 Nf6 5. Nc3 g6 6. Be3 Bg7 7. f3 O-O 8. Qd2
Nc6 9. O-O-O Bd7 10. Nb3 Rc8 11. Bh6 Ne5 12. Bxg7 Kxg7 13. f4 Nc6 14. h3 h6 15.
g4 Rh8 16. Be2 Qb6 17. Kb1 Be6 18. Nd4 Nxd4 19. Qxd4 Qxd4 20. Rxd4 a6 21. Nd5
Bxd5 22. exd5 h5 23. g5 Nd7 24. Re1 Rhe8 25. Bf1 Kf8 26. h4 Rc7 27. c4 b6 28.
b4 a5 29. a3 axb4 30. axb4 Ra7 31. Rde4 Rea8 32. Rxe7 Ra1+ 33. Kb2 R1a2+ 34.
Kc3 R8a3+ 35. Kd4 Rd2+ 0-1

[Event "6. Hradec Kralove Open 2015"]
[Site "Hradec Kralove CZE"]
[Date "2015.10.06"]
[Round "3.16"]
[White "Jungwirth, Stanislav"]
[Black "Dumkova, Daniela"]
[Result "0-1"]
[WhiteElo "1709"]
[BlackElo "1906"]
[PlyCount "58"]
[EventDate "2015.10.04"]
[EventType "swiss"]
[EventRounds "9"]
[EventCountry "CZE"]
[Source "lmi"]
[SourceDate "2015.10.04"]

1. d4 Nf6 2. c4 e6 3. Nc3 Bb4 4. Qc2 c5 5. e3 d6 6. Nf3 Nbd7 7. Bd3 O-O 8. O-O
Bxc3 9. Qxc3 Re8 10. b3 Qc7 11. Bb2 e5 12. dxe5 Nxe5 13. Nxe5 dxe5 14. h3 b6
15. e4 Bb7 16. f3 Rad8 17. g4 Nd7 18. Kg2 f6 19. Be2 Nf8 20. Rad1 Ne6 21. Bc1
Nd4 22. Qe3 Qe7 23. Rd2 Rd6 24. Rfd1 Red8 25. Bd3 R8d7 26. Bb1 Qd8 27. Bd3 g6
28. Bc2 Ne6 29. Kg3 Nf4 0-1

[Event "6. Hradec Kralove Open 2015"]
[Site "Hradec Kralove CZE"]
[Date "2015.10.06"]
[Round "3.17"]
[White "Voith, Walter"]
[Black "Vochozka, Jindrich"]
[Result "0-1"]
[WhiteElo "1547"]
[BlackElo "1778"]
[PlyCount "56"]
[EventDate "2015.10.04"]
[EventType "swiss"]
[EventRounds "9"]
[EventCountry "CZE"]
[Source "lmi"]
[SourceDate "2015.10.04"]

1. e4 e6 2. d3 d5 3. Nd2 c5 4. Ngf3 Nc6 5. g3 Nf6 6. Bg2 Be7 7. O-O O-O 8. Re1
dxe4 9. dxe4 Qc7 10. c3 e5 11. Qe2 Bg4 12. h3 Be6 13. Nf1 h6 14. N1h2 Rad8 15.
g4 Nh7 16. h4 g5 17. hxg5 hxg5 18. Bh3 f6 19. Nf1 Qc8 20. Ne3 Kf7 21. Nh2 Rh8
22. Kg2 Nf8 23. Nf5 Ng6 24. Nf3 Rdg8 25. b3 Nf4+ 26. Bxf4 gxf4 27. N3h4 Rxh4
28. Nxh4 Bxg4 0-1

[Event "6. Hradec Kralove Open 2015"]
[Site "Hradec Kralove CZE"]
[Date "2015.10.06"]
[Round "3.18"]
[White "Koci, Tereza"]
[Black "Faltynek, David"]
[Result "0-1"]
[WhiteElo "1637"]
[BlackElo "1366"]
[PlyCount "50"]
[EventDate "2015.10.04"]
[EventType "swiss"]
[EventRounds "9"]
[EventCountry "CZE"]
[Source "lmi"]
[SourceDate "2015.10.04"]

1. e4 c5 2. Nf3 d6 3. d4 cxd4 4. Nxd4 Nf6 5. Nc3 g6 6. Be2 Bg7 7. O-O Bd7 8.
Kh1 Nc6 9. Nxc6 Bxc6 10. f3 O-O 11. Be3 Rc8 12. a4 Qa5 13. Bd2 Qc7 14. Rc1 Rfd8
15. Bd3 d5 16. exd5 Nxd5 17. Nxd5 Bxd5 18. b3 Be5 19. h3 Be6 20. Qe2 Rd4 21.
Be3 Rh4 22. Bf2 Rh5 23. Rg1 Bg3 24. Bxg3 Qxg3 25. Qe1 Rxh3+ 0-1

[Event "6. Hradec Kralove Open 2015"]
[Site "Hradec Kralove CZE"]
[Date "2015.10.06"]
[Round "3.19"]
[White "Vacek, Jaroslav"]
[Black "Skybova, Katerina"]
[Result "1/2-1/2"]
[WhiteElo "1655"]
[BlackElo "1522"]
[PlyCount "53"]
[EventDate "2015.10.04"]
[EventType "swiss"]
[EventRounds "9"]
[EventCountry "CZE"]
[Source "lmi"]
[SourceDate "2015.10.04"]

1. e4 e5 2. Nf3 Nc6 3. Nc3 Nf6 4. d3 d5 5. exd5 Nxd5 6. Bd2 Bc5 7. Be2 O-O 8.
O-O Re8 9. a3 a6 10. Nxd5 Qxd5 11. Bc3 Bf5 12. Nh4 Be6 13. Bg4 Rad8 14. Kh1 e4
15. Bxe6 Qxe6 16. Qd2 Qg4 17. g3 exd3 18. f3 Qc4 19. b3 Qd5 20. Rad1 Re2 21.
Qxd3 Qxd3 22. Rxd3 Rxd3 23. cxd3 Kf8 24. b4 Bb6 25. Re1 Rc2 26. Ba1 Be3 27. Nf5
1/2-1/2

[Event "6. Hradec Kralove Open 2015"]
[Site "Hradec Kralove CZE"]
[Date "2015.10.07"]
[Round "4.1"]
[White "Urkedal, Frode"]
[Black "Burnett, Andrew"]
[Result "1-0"]
[WhiteElo "2504"]
[BlackElo "2228"]
[PlyCount "99"]
[EventDate "2015.10.04"]
[EventType "swiss"]
[EventRounds "9"]
[EventCountry "CZE"]
[Source "lmi"]
[SourceDate "2015.10.04"]

1. e4 c5 2. Nf3 d6 3. d4 Nf6 4. Nc3 cxd4 5. Nxd4 g6 6. Be3 Bg7 7. f3 Nc6 8. Qd2
O-O 9. Bc4 Nd7 10. O-O-O Nb6 11. Be2 Ne5 12. Bh6 Nec4 13. Qg5 e5 14. Ndb5 Bf6
15. Qg3 Bh4 16. Rxd6 Qe7 17. Bxc4 Bxg3 18. hxg3 Rd8 19. Rxd8+ Qxd8 20. Bb3 Be6
21. Rd1 Qf6 22. Nc7 Rc8 23. Nxe6 fxe6 24. f4 Nc4 25. Bg5 Qf7 26. Nb5 exf4 27.
Bxc4 Rxc4 28. Rd8+ Kg7 29. Nd6 Rxc2+ 30. Kd1 Rc1+ 31. Kd2 Rc2+ 32. Kd3 Rxg2 33.
Nxf7 Rxg3+ 34. Kd4 Kxf7 35. Bxf4 Rg2 36. Rd7+ Kf6 37. Rxb7 h5 38. a4 a5 39. Bc7
g5 40. Bxa5 h4 41. Bc7 h3 42. Be5+ Kg6 43. a5 h2 44. Rg7+ Kh6 45. Rg8 Rxb2 46.
Rh8+ Kg6 47. Rxh2 Rb4+ 48. Kd3 Ra4 49. Bc3 g4 50. Rh1 1-0

[Event "6. Hradec Kralove Open 2015"]
[Site "Hradec Kralove CZE"]
[Date "2015.10.07"]
[Round "4.2"]
[White "Pulpan, Jakub"]
[Black "Kraus, Tomas"]
[Result "0-1"]
[WhiteElo "2306"]
[BlackElo "2398"]
[PlyCount "58"]
[EventDate "2015.10.04"]
[EventType "swiss"]
[EventRounds "9"]
[EventCountry "CZE"]
[Source "lmi"]
[SourceDate "2015.10.04"]

1. Nf3 g6 2. d4 Bg7 3. e4 d6 4. Nc3 Nf6 5. Be3 a6 6. Qd2 b5 7. Bd3 Bb7 8. a3
Nbd7 9. O-O O-O 10. Rfe1 c5 11. d5 Re8 12. h3 Nb6 13. a4 c4 14. Bf1 b4 15. Bxb6
Qxb6 16. Na2 c3 17. bxc3 bxc3 18. Nxc3 Nd7 19. Rab1 Qc7 20. Na2 Rec8 21. a5 Ra7
22. Qe3 Qc5 23. Rxb7 Qxe3 24. Rxe3 Rxb7 25. Bxa6 Rb1+ 26. Kh2 Ra8 27. Bd3 Rxa5
28. c3 Rb2 29. Nb4 Rxf2 0-1

[Event "6. Hradec Kralove Open 2015"]
[Site "Hradec Kralove CZE"]
[Date "2015.10.07"]
[Round "4.3"]
[White "Golcman, Evgeny"]
[Black "Mikalsen, Erlend"]
[Result "1-0"]
[WhiteElo "2164"]
[BlackElo "2358"]
[PlyCount "45"]
[EventDate "2015.10.04"]
[EventType "swiss"]
[EventRounds "9"]
[EventCountry "CZE"]
[Source "lmi"]
[SourceDate "2015.10.04"]

1. c4 e5 2. Nc3 Nc6 3. g3 d6 4. Nf3 Be6 5. d4 exd4 6. Nxd4 Nxd4 7. Qxd4 Qf6 8.
Qd3 Qg6 9. Qd4 Ne7 10. Nd5 c5 11. Qe3 Nf5 12. Qd3 Nd4 13. e4 Bxd5 14. cxd5 Be7
15. Bg2 O-O 16. Be3 Bf6 17. O-O Rfe8 18. b4 c4 19. Qxc4 Rxe4 20. Bxe4 Qxe4 21.
Bxd4 Bxd4 22. Rac1 Re8 23. Rfe1 1-0

[Event "6. Hradec Kralove Open 2015"]
[Site "Hradec Kralove CZE"]
[Date "2015.10.07"]
[Round "4.4"]
[White "Gromczak, Dariusz"]
[Black "Kapusta, Petr"]
[Result "1-0"]
[WhiteElo "2009"]
[BlackElo "2098"]
[PlyCount "143"]
[EventDate "2015.10.04"]
[EventType "swiss"]
[EventRounds "9"]
[EventCountry "CZE"]
[Source "lmi"]
[SourceDate "2015.10.04"]

1. e4 c5 2. Nc3 Nc6 3. f4 g6 4. Nf3 Bg7 5. Bc4 e6 6. d3 Nge7 7. O-O d5 8. Bb3
O-O 9. Qe1 Nd4 10. Nxd4 cxd4 11. Ne2 dxe4 12. dxe4 a5 13. Bc4 Qc7 14. Bd3 f5
15. e5 Nc6 16. Qf2 Rd8 17. a3 b6 18. Rd1 Bf8 19. h3 Bc5 20. Kh2 Bb7 21. Bd2 Ne7
22. b4 axb4 23. axb4 Nd5 24. bxc5 bxc5 25. Bc4 Qc6 26. Bxd5 Qxd5 27. Ng1 Qc4
28. Ba5 Rdc8 29. Nf3 Bxf3 30. gxf3 d3 31. cxd3 Qxf4+ 32. Qg3 Qe3 33. f4 Qd4 34.
Qf3 Rcb8 35. Bc3 Qd8 36. Qc6 Kf7 37. Qxc5 Rc8 38. Qd4 Qc7 39. Rxa8 Rxa8 40. Ra1
Rxa1 41. Bxa1 Qc2+ 42. Kg3 Kg7 43. Qe3 Qd1 44. Bd4 h5 45. Qf3 h4+ 46. Kg2 Qd2+
47. Bf2 Kh6 48. Qe3 Qc2 49. Qf3 Qd2 50. d4 Qa2 51. Qe3 Qa8+ 52. Kh2 Qa2 53. Kg1
Qa1+ 54. Qe1 Qa3 55. Bxh4 Qf3 56. Bg3 Qd3 57. Qf2 Qb1+ 58. Kh2 Qe4 59. Qd2 Qd5
60. Bh4 Kh5 61. Bg3 Kh6 62. Bf2 Kh7 63. Bg1 Kh6 64. Qg2 Qc4 65. h4 Kh7 66. Bf2
Qb3 67. d5 exd5 68. e6 d4 69. Bxd4 Qxe6 70. Qb7+ Kh6 71. Qg7+ Kh5 72. Kh3 1-0

[Event "6. Hradec Kralove Open 2015"]
[Site "Hradec Kralove CZE"]
[Date "2015.10.07"]
[Round "4.5"]
[White "Skorna, Ullrich"]
[Black "Kozusek, Daniel"]
[Result "0-1"]
[WhiteElo "2123"]
[BlackElo "2279"]
[PlyCount "80"]
[EventDate "2015.10.04"]
[EventType "swiss"]
[EventRounds "9"]
[EventCountry "CZE"]
[Source "lmi"]
[SourceDate "2015.10.04"]

1. e4 e6 2. d4 c5 3. c3 Nf6 4. e5 Nd5 5. Nf3 cxd4 6. Nxd4 Qc7 7. f4 a6 8. Bd3
d6 9. exd6 Bxd6 10. Ne2 Nd7 11. O-O N7f6 12. c4 Nb4 13. Nbc3 Nxd3 14. Qxd3 O-O
15. Be3 Rd8 16. Ne4 Be7 17. Nxf6+ Bxf6 18. Qb3 Qc6 19. Bb6 Rd2 20. Qe3 Rxe2 21.
Qxe2 Qxb6+ 22. Kh1 Qxb2 23. Qxb2 Bxb2 24. Rab1 Bf6 25. Rfd1 Kf8 26. Rd2 Ke8 27.
g4 Bd7 28. Kg2 Bc6+ 29. Kg3 Rd8 30. Rxd8+ Bxd8 31. h4 Bc7 32. Rd1 h6 33. g5
hxg5 34. hxg5 f6 35. gxf6 gxf6 36. Kg4 Ke7 37. Rd2 e5 38. fxe5 Bxe5 39. Kf5
Bd7+ 40. Ke4 Ke6 0-1

[Event "6. Hradec Kralove Open 2015"]
[Site "Hradec Kralove CZE"]
[Date "2015.10.07"]
[Round "4.6"]
[White "Nemec, Otakar"]
[Black "Kuba, Stanislav"]
[Result "0-1"]
[WhiteElo "1922"]
[BlackElo "2148"]
[PlyCount "66"]
[EventDate "2015.10.04"]
[EventType "swiss"]
[EventRounds "9"]
[EventCountry "CZE"]
[Source "lmi"]
[SourceDate "2015.10.04"]

1. Nf3 Nf6 2. g3 g6 3. Bg2 Bg7 4. d4 O-O 5. O-O c6 6. c4 d6 7. Nc3 Qc7 8. d5 a5
9. Nd4 e5 10. dxe6 fxe6 11. e4 e5 12. Nc2 Na6 13. h3 Be6 14. Qe2 Nb4 15. Ne3
Nd7 16. a3 Na6 17. b3 Nac5 18. Rb1 a4 19. b4 Nb3 20. Rd1 Nd4 21. Qd3 Nb6 22.
Rb2 Ra7 23. Kh1 Qf7 24. Bf1 Qf3+ 25. Bg2 Qh5 26. Qf1 Bh6 27. f4 exf4 28. Rxd4
fxe3 29. Qd3 Raa8 30. Rxd6 Bxh3 31. c5 Rf2 32. Rxf2 exf2 33. Bxh6 Bg4+ 0-1

[Event "6. Hradec Kralove Open 2015"]
[Site "Hradec Kralove CZE"]
[Date "2015.10.07"]
[Round "4.7"]
[White "Dumkova, Daniela"]
[Black "Navratil-Sen., Jiri"]
[Result "0-1"]
[WhiteElo "1906"]
[BlackElo "2054"]
[PlyCount "56"]
[EventDate "2015.10.04"]
[EventType "swiss"]
[EventRounds "9"]
[EventCountry "CZE"]
[Source "lmi"]
[SourceDate "2015.10.04"]

1. d4 d5 2. c4 c6 3. Nf3 Nf6 4. Nbd2 Bf5 5. Nh4 Bg6 6. Qb3 Qb6 7. Qh3 Na6 8.
Nxg6 fxg6 9. c5 Qa5 10. Qb3 Rb8 11. e3 e5 12. Be2 e4 13. O-O Be7 14. f3 exf3
15. Nxf3 O-O 16. Bd2 Qc7 17. Bd3 Kh8 18. Ne5 Nxc5 19. Nxg6+ hxg6 20. dxc5 Bxc5
21. Bxg6 Ng4 22. g3 Qe7 23. Qd1 Qg5 24. Qc1 Rxf1+ 25. Kxf1 Rf8+ 26. Ke2 Rf2+
27. Ke1 Qxg6 28. Qxc5 Qd3 0-1

[Event "6. Hradec Kralove Open 2015"]
[Site "Hradec Kralove CZE"]
[Date "2015.10.07"]
[Round "4.8"]
[White "Kabelka, Ondrej"]
[Black "Romanov, Sergey"]
[Result "0-1"]
[WhiteElo "1873"]
[BlackElo "2036"]
[PlyCount "94"]
[EventDate "2015.10.04"]
[EventType "swiss"]
[EventRounds "9"]
[EventCountry "CZE"]
[Source "lmi"]
[SourceDate "2015.10.04"]

1. d4 d5 2. c4 c6 3. Nf3 Nf6 4. Nbd2 Bf5 5. e3 e6 6. Be2 Nbd7 7. Nh4 Be4 8. O-O
Bd6 9. Nhf3 Qc7 10. b3 Rg8 11. Bb2 g5 12. c5 Be7 13. Rc1 h5 14. Ne5 g4 15. Nxd7
Qxd7 16. Nxe4 Nxe4 17. Bd3 Ng5 18. Re1 e5 19. dxe5 Nf3+ 20. Kf1 Nxe1 21. Kxe1
O-O-O 22. Qc2 Kb8 23. b4 h4 24. g3 hxg3 25. hxg3 Rg5 26. Bd4 Rf8 27. Qb2 Rh5
28. Ke2 Ka8 29. b5 Rb8 30. b6 a6 31. Qa3 Rf8 32. Rb1 Kb8 33. Bxa6 Kc8 34. Bd3
Kd8 35. Rb4 Qc8 36. Ra4 Kd7 37. Ra7 Ke6 38. Qb2 f6 39. exf6 Bxf6 40. Bxf6 Rxf6
41. Qd4 Kf7 42. Ba6 Qf5 43. Rxb7+ Ke6 44. Kd2 Rh2 45. Rc7 Qxf2+ 46. Kc3 Qb2+
47. Kd3 Qd2# 0-1

[Event "6. Hradec Kralove Open 2015"]
[Site "Hradec Kralove CZE"]
[Date "2015.10.07"]
[Round "4.9"]
[White "Jiruse, Josef"]
[Black "Klucznik, Andre"]
[Result "1-0"]
[WhiteElo "2035"]
[BlackElo "1843"]
[PlyCount "87"]
[EventDate "2015.10.04"]
[EventType "swiss"]
[EventRounds "9"]
[EventCountry "CZE"]
[Source "lmi"]
[SourceDate "2015.10.04"]

1. e4 e6 2. d3 d5 3. Nd2 Nf6 4. g3 c5 5. Bg2 Nc6 6. Ngf3 Be7 7. O-O b6 8. Re1
O-O 9. c3 Bb7 10. e5 Nd7 11. d4 Rc8 12. a3 cxd4 13. cxd4 f6 14. b4 fxe5 15.
dxe5 Qe8 16. Nb3 Qh5 17. Bb2 a5 18. b5 Nd8 19. Nfd4 Qf7 20. f4 a4 21. Nc1 Nc5
22. Nd3 Nxd3 23. Qxd3 Bc5 24. Kh1 Qe7 25. Bh3 Ra8 26. Rf1 g6 27. Rae1 Bc8 28.
g4 Nf7 29. f5 Ng5 30. fxg6 Nxh3 31. Rxf8+ Kxf8 32. Qxh3 Kg8 33. Qh5 Bd7 34. Rf1
hxg6 35. Qxg6+ Qg7 36. Rf6 Be7 37. Qxg7+ Kxg7 38. Nxe6+ Kg8 39. Rg6+ Kf7 40.
Nf4 Bxb5 41. e6+ Kf8 42. Rh6 Ke8 43. Rh8+ Bf8 44. Ng6 1-0

[Event "6. Hradec Kralove Open 2015"]
[Site "Hradec Kralove CZE"]
[Date "2015.10.07"]
[Round "4.10"]
[White "Pribylova, Sofie"]
[Black "Paldus, Petr"]
[Result "1/2-1/2"]
[WhiteElo "1841"]
[BlackElo "2033"]
[PlyCount "68"]
[EventDate "2015.10.04"]
[EventType "swiss"]
[EventRounds "9"]
[EventCountry "CZE"]
[Source "lmi"]
[SourceDate "2015.10.04"]

1. d4 Nf6 2. Bf4 d5 3. e3 e6 4. Nf3 b6 5. Bd3 Ba6 6. Bxa6 Nxa6 7. c3 Nb8 8.
Qa4+ Nfd7 9. Na3 c6 10. O-O b5 11. Qb3 a5 12. Nb1 a4 13. Qc2 f5 14. Nbd2 Be7
15. b3 g5 16. Be5 O-O 17. h3 Nxe5 18. Nxe5 Bd6 19. f4 Bxe5 20. fxe5 Nd7 21. c4
axb3 22. axb3 Rxa1 23. Rxa1 f4 24. exf4 Rxf4 25. cxd5 cxd5 26. Qc6 Qb6 27. Ra8+
Rf8 28. Rxf8+ Kxf8 29. Qxd7 Qxd4+ 30. Kh1 Qxd2 31. Qd8+ Kf7 32. Qf6+ Ke8 33.
Qxe6+ Kf8 34. Qd6+ Kg7 1/2-1/2

[Event "6. Hradec Kralove Open 2015"]
[Site "Hradec Kralove CZE"]
[Date "2015.10.07"]
[Round "4.11"]
[White "Pribyl, Viktor"]
[Black "Saikrishnan, Sai"]
[Result "0-1"]
[WhiteElo "1833"]
[BlackElo "2005"]
[PlyCount "62"]
[EventDate "2015.10.04"]
[EventType "swiss"]
[EventRounds "9"]
[EventCountry "CZE"]
[Source "lmi"]
[SourceDate "2015.10.04"]

1. d4 f5 2. Bf4 Nf6 3. e3 c6 4. Nf3 g6 5. h3 Bg7 6. Bc4 d5 7. Bd3 Ne4 8. Nbd2
Nd7 9. Qe2 Qb6 10. O-O-O c5 11. c3 Qa5 12. Nb3 Qxa2 13. Nfd2 c4 14. Bb1 Qa6 15.
Nxe4 fxe4 16. Nd2 e5 17. dxe5 Nc5 18. f3 Bf5 19. fxe4 Nd3+ 20. Bxd3 cxd3 21.
Qf1 Qa1+ 22. Nb1 Bxe4 23. Rxd3 O-O 24. h4 Bxe5 25. g3 Rac8 26. h5 g5 27. Rg1
gxf4 28. gxf4+ Kh8 29. Qe2 Bf6 30. Rg3 Rg8 31. Rxg8+ Rxg8 0-1

[Event "6. Hradec Kralove Open 2015"]
[Site "Hradec Kralove CZE"]
[Date "2015.10.07"]
[Round "4.12"]
[White "Korpalski, Maciej"]
[Black "Portych, Vaclav"]
[Result "1-0"]
[WhiteElo "1983"]
[BlackElo "1868"]
[PlyCount "79"]
[EventDate "2015.10.04"]
[EventType "swiss"]
[EventRounds "9"]
[EventCountry "CZE"]
[Source "lmi"]
[SourceDate "2015.10.04"]

1. e4 c5 2. Nf3 Nc6 3. d4 cxd4 4. Nxd4 Nf6 5. Nc3 a6 6. Bg5 e6 7. Qd2 Be7 8. f3
Qa5 9. Be3 Bb4 10. Nb3 Bxc3 11. bxc3 Qc7 12. c4 O-O 13. c5 Rd8 14. O-O-O h6 15.
g4 Nh7 16. h4 f6 17. Bf4 e5 18. Bc4+ Kh8 19. Be3 a5 20. g5 a4 21. gxh6 g6 22.
Na1 Nd4 23. Bxd4 exd4 24. Qxd4 Qf4+ 25. Kb1 Rf8 26. h5 g5 27. c3 Ra5 28. Nc2
Qc7 29. Ne3 Qxc5 30. Qxc5 Rxc5 31. Rd5 Rc6 32. Rhd1 Rd8 33. Rd6 Nf8 34. Rxc6
bxc6 35. Rd6 Nh7 36. Nf5 Re8 37. Kc2 g4 38. fxg4 Rxe4 39. Bd3 Rxg4 40. Ne7 1-0

[Event "6. Hradec Kralove Open 2015"]
[Site "Hradec Kralove CZE"]
[Date "2015.10.07"]
[Round "4.13"]
[White "Vorel, Bohuslav"]
[Black "Svetly, Jiri"]
[Result "1-0"]
[WhiteElo "1686"]
[BlackElo "1982"]
[PlyCount "97"]
[EventDate "2015.10.04"]
[EventType "swiss"]
[EventRounds "9"]
[EventCountry "CZE"]
[Source "lmi"]
[SourceDate "2015.10.04"]

1. e4 d6 2. d4 Nf6 3. f3 g6 4. c4 Bg7 5. Nc3 O-O 6. Be3 e5 7. d5 Nbd7 8. Bd3
Ne8 9. Nge2 f5 10. O-O f4 11. Bf2 g5 12. b4 h5 13. c5 g4 14. c6 Ndf6 15. Bh4 b6
16. a4 Bh6 17. a5 Rb8 18. Nb5 a6 19. Na7 b5 20. Qc2 Kh8 21. Nc3 Rg8 22. Nxc8
Qxc8 23. Kh1 gxf3 24. gxf3 Qh3 25. Bxf6+ Nxf6 26. Qf2 h4 27. Rg1 Nh5 28. Bf1
Ng3+ 29. Qxg3 Rxg3 30. Bxh3 Rxf3 31. Bf5 Rf8 32. Nxb5 axb5 33. Rg6 Kh7 34. Rg3+
Rxf5 35. Rxf3 Rf8 36. a6 Bg5 37. a7 Ra8 38. Kg2 Kh6 39. Rfa3 f3+ 40. Kxf3 Bd2
41. Ra5 Bxb4 42. Rxb5 Bc5 43. Rb7 Rf8+ 44. Ke2 Rf2+ 45. Kd3 Bxa7 46. Raxa7 Rxh2
47. Rxc7 h3 48. Rh7+ Kg6 49. Rag7+ 1-0

[Event "6. Hradec Kralove Open 2015"]
[Site "Hradec Kralove CZE"]
[Date "2015.10.07"]
[Round "4.14"]
[White "Cerny, David"]
[Black "Tobiskova, Petra"]
[Result "1-0"]
[WhiteElo "1949"]
[BlackElo "1823"]
[PlyCount "45"]
[EventDate "2015.10.04"]
[EventType "swiss"]
[EventRounds "9"]
[EventCountry "CZE"]
[Source "lmi"]
[SourceDate "2015.10.04"]

1. e4 e6 2. d4 d5 3. Nd2 Nf6 4. e5 Nfd7 5. f4 c5 6. c3 Nc6 7. Ngf3 a6 8. Be2 b5
9. O-O g6 10. Kh1 Bb7 11. Nb3 Qb6 12. Be3 h5 13. Ng5 Be7 14. dxc5 Bxc5 15. Nxc5
Nxc5 16. b4 d4 17. bxc5 Qxc5 18. Bxd4 Qe7 19. Bf3 Rd8 20. Qe2 h4 21. h3 Nxd4
22. cxd4 Rxd4 23. Qe3 1-0

[Event "6. Hradec Kralove Open 2015"]
[Site "Hradec Kralove CZE"]
[Date "2015.10.07"]
[Round "4.15"]
[White "Baraniuk, Andrej"]
[Black "Pulpan, Matej"]
[Result "1/2-1/2"]
[WhiteElo "1579"]
[BlackElo "1936"]
[PlyCount "72"]
[EventDate "2015.10.04"]
[EventType "swiss"]
[EventRounds "9"]
[EventCountry "CZE"]
[Source "lmi"]
[SourceDate "2015.10.04"]

1. e4 e6 2. d4 d5 3. Nd2 Be7 4. Bd3 Nf6 5. e5 Nfd7 6. Ne2 c5 7. c3 Nc6 8. Nf3
f6 9. exf6 Bxf6 10. Be3 cxd4 11. cxd4 e5 12. dxe5 Ndxe5 13. Nxe5 Nxe5 14. Bb5+
Nc6 15. Qd2 O-O 16. O-O a6 17. Bxc6 bxc6 18. Rac1 Bd7 19. Bd4 Rc8 20. Qc3 c5
21. Bxf6 Rxf6 22. b3 Bb5 23. Rfe1 d4 24. Nxd4 Qd5 25. Nxb5 axb5 26. Re5 Qd6 27.
Rxc5 Ra8 28. Rc8+ Rxc8 29. Qxc8+ Rf8 30. Qc5 Qd2 31. f3 Re8 32. Rf1 Re2 33.
Qc8+ Kf7 34. Qf5+ Kg8 35. Qc8+ Kf7 36. Qf5+ Kg8 1/2-1/2

[Event "6. Hradec Kralove Open 2015"]
[Site "Hradec Kralove CZE"]
[Date "2015.10.07"]
[Round "4.16"]
[White "Malinovsky, Petr"]
[Black "Jungwirth, Stanislav"]
[Result "1-0"]
[WhiteElo "1971"]
[BlackElo "1709"]
[PlyCount "47"]
[EventDate "2015.10.04"]
[EventType "swiss"]
[EventRounds "9"]
[EventCountry "CZE"]
[Source "lmi"]
[SourceDate "2015.10.04"]

1. d4 Nf6 2. c4 d5 3. cxd5 Nxd5 4. e4 Nf6 5. f3 e6 6. Be3 Be7 7. Nc3 O-O 8. Qd2
Nbd7 9. O-O-O c6 10. g4 b5 11. e5 Nd5 12. Nxd5 exd5 13. Ne2 a5 14. Ng3 Bb4 15.
Qf2 Nb6 16. Bd3 Nc4 17. Nf5 Bxf5 18. gxf5 Nxe3 19. Qxe3 Re8 20. Rdg1 Kh8 21.
Rxg7 Kxg7 22. f6+ Qxf6 23. Qg1+ Kh8 24. exf6 1-0

[Event "6. Hradec Kralove Open 2015"]
[Site "Hradec Kralove CZE"]
[Date "2015.10.07"]
[Round "4.17"]
[White "Ruzicka, Vaclav"]
[Black "Berger, Volkmar"]
[Result "0-1"]
[WhiteElo "1643"]
[BlackElo "1801"]
[PlyCount "74"]
[EventDate "2015.10.04"]
[EventType "swiss"]
[EventRounds "9"]
[EventCountry "CZE"]
[Source "lmi"]
[SourceDate "2015.10.04"]

1. d4 Nf6 2. g3 g6 3. Bg2 d5 4. c4 c6 5. Nf3 Bg7 6. O-O O-O 7. cxd5 cxd5 8. Nc3
Nc6 9. Bf4 a6 10. Ne5 Nh5 11. Nxd5 Nxf4 12. Nxc6 Nxe2+ 13. Qxe2 bxc6 14. Nxe7+
Kh8 15. Nxc6 Qb6 16. Ne7 Bb7 17. d5 Rfe8 18. Rfe1 Bf6 19. Nxg6+ hxg6 20. Qd2
Kg7 21. d6 Bxg2 22. Rxe8 Rxe8 23. Kxg2 Bxb2 24. Rb1 Qc6+ 25. Kg1 Bf6 26. Rc1
Qe4 27. d7 Rd8 28. Rc8 Qb1+ 29. Rc1 Rxd7 30. Qxd7 Qxc1+ 31. Kg2 a5 32. Qa4 Qc3
33. Qb3 Qd2 34. a4 Bd4 35. Qf3 Qc2 36. Qa3 Qxf2+ 37. Kh3 Qf1+ 0-1

[Event "6. Hradec Kralove Open 2015"]
[Site "Hradec Kralove CZE"]
[Date "2015.10.07"]
[Round "4.18"]
[White "Splitek, Lubos"]
[Black "Horak, Miroslav"]
[Result "1-0"]
[WhiteElo "1800"]
[BlackElo "1676"]
[PlyCount "97"]
[EventDate "2015.10.04"]
[EventType "swiss"]
[EventRounds "9"]
[EventCountry "CZE"]
[Source "lmi"]
[SourceDate "2015.10.04"]

1. e4 c5 2. Nc3 Nc6 3. g3 g6 4. Bg2 Bg7 5. d3 d6 6. Be3 e6 7. Qd2 Nge7 8. Bh6
O-O 9. Bxg7 Kxg7 10. Nh3 Nd4 11. Nd1 b5 12. e5 Rb8 13. exd6 Qxd6 14. O-O Bb7
15. Bxb7 Rxb7 16. f4 Qd5 17. Ng5 h6 18. Ne3 Qc6 19. c3 hxg5 20. cxd4 cxd4 21.
Ng4 gxf4 22. Qxf4 Nf5 23. Ne5 Qc2 24. g4 Ne3 25. Rf2 Qc5 26. Qf6+ Kg8 27. Rf3
Qe7 28. Qf4 g5 29. Qe4 f5 30. gxf5 exf5 31. Qxd4 Nc2 32. Qd5+ Kg7 33. Raf1 Rd8
34. Qxb7 Qxb7 35. Rxf5 Qb6+ 36. R1f2 Qe3 37. Rf7+ Kg8 38. Ng4 Qe1+ 39. Rf1 Qe6
40. R7f5 Qg6 41. h3 Kg7 42. Ne5 Qb6+ 43. Kh2 Qd6 44. Rxg5+ Kh7 45. Rf4 Qh6 46.
Nf7 Qxg5 47. Nxg5+ Kg6 48. Nf3 Nb4 49. Rxb4 1-0

[Event "6. Hradec Kralove Open 2015"]
[Site "Hradec Kralove CZE"]
[Date "2015.10.07"]
[Round "4.19"]
[White "Vitova, Anna"]
[Black "Seibt, Sascha"]
[Result "1-0"]
[WhiteElo "1638"]
[BlackElo "1789"]
[PlyCount "79"]
[EventDate "2015.10.04"]
[EventType "swiss"]
[EventRounds "9"]
[EventCountry "CZE"]
[Source "lmi"]
[SourceDate "2015.10.04"]

1. e4 c5 2. Nf3 d6 3. c3 Nf6 4. Be2 Nc6 5. d4 cxd4 6. cxd4 Qa5+ 7. Bd2 Qb6 8.
d5 Nxe4 9. Be3 Qa5+ 10. Nc3 Nb8 11. O-O Nxc3 12. bxc3 Nd7 13. c4 Qd8 14. Qa4 b6
15. Ng5 Qc7 16. Bg4 h6 17. Ne6 fxe6 18. dxe6 Kd8 19. exd7 Bxd7 20. Bxd7 Qxd7
21. Bxb6+ Kc8 22. Qa5 Qb7 23. Be3 Qc7 24. Qf5+ Qd7 25. Qxd7+ Kxd7 26. Rab1 Ke6
27. Rfe1 Kf7 28. Rb7 Rc8 29. Rxa7 Rxc4 30. a4 g5 31. g3 Rg8 32. a5 Bg7 33. Bb6
Bf6 34. a6 Ra4 35. Rc1 Kg6 36. Rc6 Rb8 37. Rb7 Ra8 38. a7 Kf5 39. Rbc7 Kg4 40.
Kg2 1-0